Projektování výrobních systémů /

Salvato in:
Dettagli Bibliografici
Autore principale: Vigner, Miloslav (Autore)
Natura: Libro
Lingua:ceco
Pubblicazione: Praha : České vysoké učení technické v Praze, 1984
Soggetti:
Tags: Aggiungi Tag
Nessun Tag, puoi essere il primo ad aggiungerne!!

MARC

LEADER 00000nam a22000003a 4500
001 stu44014
005 20150617225717.3
008 950120s1984----cs------------------cze-d
040 |a STU  |b slo 
041 0 |a cze 
044 |a cs 
080 |a 658.51(075.8) 
100 1 |a Vigner, Miloslav  |4 aut 
245 1 |a Projektování výrobních systémů /  |c [aut.]Miloslav Vigner 
260 |a Praha :  |b České vysoké učení technické v Praze,  |c 1984 
300 |a 273 s 
650 7 |a výroba  |2 stusub 
650 7 |a projektovanie  |2 stusub 
650 7 |a systémy výrobné  |2 stusub 
996 |b 284M017483  |c M*S-171-18  |l MMKN  |s A  |a 24  |w stu44014_0001 
996 |b 284M017484  |c M*S-171-20  |l MMKN  |s A  |a 24  |w stu44014_0002 
996 |b 284M017487  |c M*S-171-26  |l MMKN  |s A  |a 24  |w stu44014_0003 
996 |b 284M017485  |c M*S-171-30  |l MMKN  |s A  |a 24  |w stu44014_0004 
996 |b 284M017473  |c M*S-171-34  |l MMKN  |s A  |a 24  |w stu44014_0005 
996 |b 284M081959  |c M*S-171-39  |l MMKN  |s A  |a 24  |w stu44014_0006 
996 |b 284M017482  |c M*S-171-40  |l MMKN  |s A  |a 24  |w stu44014_0007 
996 |b 284M038619  |c M*S-171-8  |l MMKN  |s A  |a 24  |w stu44014_0008